Представление документа в формате RUSMARC

ПолеНазваниеЗначение
  Тип записи a
  Библиографический уровень m
001 Контрольный номер RU/SLIB/B/208747496
005 Дата корректировки 20230420164602.5
010 Индекс ISBN __
d Цена 4 800-00; 17 900-00
101 Язык документа 0_
a Язык текста rus
200 Заглавие и сведения об ответственности 1_
a Заглавие Музыкальное воспитание дошкольников
e Сведения, относящиеся к заглавию пособие для студентов пед. ин-тов, учащихсяся пед. училищ и колледжей, муз. рук. и воспит. дет. сада
f Первые сведения об ответственности Радынова О. П., Катинене А. И., Палавандишвили М. Л. ; под ред.: О. П. Радыновой
b Общее обозначение материала Текст
210 Выходные данные 1_
a Место издания М.
c Издательство Просвещение
c Издательство Владос
d Дата издания 1994
215 Физическое описание __
a Объем 224 с.
606 Тематические рубрики __
a Основная рубрика Образование. Педагогика
606 Тематические рубрики __
a Основная рубрика Дошкольная педагогика
610 Ключевые слова 0_
a Ключевые слова музыкальная педагогика; музыкальное воспитание; музыкальное развитие; дошкольное образование; дошкольное воспитание
686 Индексы других классификаций __
a Классификационный индекс 74.100.544.3я73
700 Автор _1
a Фамилия Радынова
b Имя О. П.
4 Код отношения 070
702 Вторичная интеллектуальная ответственность _1
a Фамилия Катинене
b Имя А. И.
4 Код отношения Автор
4 Код отношения 070
702 Вторичная интеллектуальная ответственность _1
a Фамилия Палавандишвили
b Имя М. Л.
4 Код отношения Автор
4 Код отношения 070
702 Вторичная интеллектуальная ответственность _1
a Фамилия Радынова
b Имя О. П.
4 Код отношения Редактор
4 Код отношения 340
801 Источник записи _0
a Страна RU
b Организация Муниципальное бюджетное учреждение культуры "Централизованная библиотечная система" г. Сургут (Центральная городская библиотека им. А. С. Пушкина)
g Правила каталогизации КиК/Лебедева
801 Источник записи _1
a Страна RU
b Организация Муниципальное бюджетное учреждение культуры "Централизованная библиотечная система" г. Сургут (Центральная городская библиотека им. А. С. Пушкина)
g Правила каталогизации КиК/Лебедева
852 Данные о местонахождении __
j Шифр хранения 74.100.544.3я73
c Каталожный индекс 74.100.5я73
i Авторский знак Р 15
p Инвентарный номер 55190; 60908
901 Тип документа __
t Тип документа m
969 Тип издания __
a Тип издания пособие
990 Данные о заказе (DOS) __
j Количество экземпляров (DOS) 2